000 00271 a2200121 4500
001 155758
040 _cEscola São Tomás de Aquino
240 1 0 _aBebês da selva
_lpor
245 1 0 _aBebês da selva
440 1 _aGirassol
697 _a*LITERATURA INFANTIL
942 _cBK
999 _c155758
_d155758